000 00380nam a2200133Ia 4500
008 150202s9999 xx 000 0 und d
020 _a583309178
050 _aFIC
_bFIC
100 _aFarrell, Simon.
245 _aSword and flame :
_bthe english civil war /
_cSimon Farrell.
260 _aLondon :
_bGrafton Books,
_c1986.
300 _a176 pages :
_c18 cm.
650 _aFiction.
999 _c282009
_d282009